000
00252nam a2200109 a 4500
005
20140414132107.0
008
100902s19uu xx 00 eng d
050
_a
M 551.2
_b
G76 2010
100
_a
Graham, Ian
245
_a
Earthquakes.
999
_c
114630
_d
114630